LEADER 02040nam--2200517---450- 001 990001154430203316 005 20030623164710.0 010 $a3-540-44121-2 035 $a000115443 035 $aUSA01000115443 035 $a(ALEPH)000115443USA01 035 $a000115443 100 $a20021217d2002----km-y0itay0103----ba 101 $aENG 105 $a||||||||001yy 200 1 $aEngineering and deployment of cooperative information systems$eFirst international conference,EDCIS 2002$eBeijing, China, September 17-20 , 2002$eproceedings$fYanbo Han... (eds.) 210 $aBerlin$cSpringer-Verlag$dcopyr.2002 215 $aXIII,564 p.$cill.$d20 cm 225 2 $aLecture notes in computer science$v2480 606 $aArchivi di dati distribuiti Cooperazione internazionale Congressi 2002 606 $aReti neurali Congressi 2002 676 $a005.758 702 $aHan$bYanbo 710 $aInternational conference,EDCIS 2002 <1 ; 2002 ; Beijing, China >$0555233 801 0$aIT$bCBS$gISBD 912 $a990001154430203316 951 $a001 LNCS (2480)$b0027384 CBS$c001$d00113335 959 $aBK 969 $aSCI 979 $aDIGIUSEPPE$b90$c20021217$lUSA01$h1200 979 $aDIGIUSEPPE$b90$c20030310$lUSA01$h1222 979 $aDIGIUSEPPE$b90$c20030530$lUSA01$h1247 979 $aDIGIUSEPPE$b90$c20030603$lUSA01$h1655 979 $aDIGIUSEPPE$b90$c20030603$lUSA01$h1657 979 $aDIGIUSEPPE$b90$c20030610$lUSA01$h1536 979 $aDIGIUSEPPE$b90$c20030610$lUSA01$h1541 979 $aDIGIUSEPPE$b90$c20030610$lUSA01$h1543 979 $aDIGIUSEPPE$b90$c20030612$lUSA01$h1022 979 $aDIGIUSEPPE$b90$c20030612$lUSA01$h1029 979 $aDIGIUSEPPE$b90$c20030612$lUSA01$h1042 979 $aDIGIUSEPPE$b90$c20030612$lUSA01$h1043 979 $aDIGIUSEPPE$b90$c20030612$lUSA01$h1105 979 $aDIGIUSEPPE$b90$c20030623$lUSA01$h1647 979 $aPATRY$b90$c20040406$lUSA01$h1721 996 $aEngineering and deployment of cooperative information systems$9983408 997 $aUNISA LEADER 01740nam 2200421 n 450 001 996388078503316 005 20200824121110.0 035 $a(CKB)1000000000629401 035 $a(EEBO)2248584742 035 $a(UnM)99838710e 035 $a(UnM)99838710 035 $a(EXLCZ)991000000000629401 100 $a19901113d1629 uy | 101 0 $aeng 135 $aurbn||||a|bb| 200 00$aPractique theories: or, Votiue speculations, vpon Iesus Christs prediction. Incarnation. Passion. Resurrection. ... By Iohn Gaule$b[electronic resource] 210 $aLondon $cPrinted [by Thomas Cotes] for Iames Bowler$d[1629] 215 $a[26], 425, [11], 61, [3] p 300 $aWith verses at the end of each section. 300 $aPrinter's name from STC. 300 $aWith an additional title page, engraved, signed "C. le Blon s:", with imprint: london printed for Iames Boler at the signe of the Marigold in Pauls Church-yard. 1629. 300 $aCf. Folger catalogue, which gives signatures: A-T¹² 2A-2C¹² + engr. t.p. 300 $a"The practique theorists panegyrick" has separate pagination and title page dated 1628 (p. 2A1r). 300 $aReproduction of the original in the British Library. 330 $aeebo-0018 606 $aMeditations 615 0$aMeditations. 700 $aGaule$b John$f1604?-1687.$01005234 702 $aLe Blon$b Christof$fd. 1665, 801 0$bCu-RivES 801 1$bCu-RivES 801 2$bUk-ES 801 2$bCStRLIN 801 2$bWaOLN 906 $aBOOK 912 $a996388078503316 996 $aPractique theories: or, Votiue speculations, vpon Iesus Christs prediction. Incarnation. Passion. Resurrection. ... By Iohn Gaule$92375896 997 $aUNISA